000 00207 a2200097 4500
001 18067
100 _aF A O
245 _aHandbook on data processing methods
260 _a
_bF A O
_c
090 _c13361
_d13361
942 _aNUST-CAE
_cM
_c3738
999 _c253140
_d253140